Top agents 2008 (Record no. 80447)

MARC details
000 -LEADER
fixed length control field 00958cab a2200193 4500
001 - CONTROL NUMBER
control field L144389
008 - FIXED-LENGTH DATA ELEMENTS--GENERAL INFORMATION
fixed length control field 080715e20080712xxkado f s 000 0 eng u
035 ## - SYSTEM CONTROL NUMBER
System control number (Sirsi) u144389
041 0# - LANGUAGE CODE
Language code of text/sound track or separate title eng
100 1# - MAIN ENTRY--PERSONAL NAME
Personal name McCormick, Helen
245 00 - TITLE STATEMENT
Title Top agents 2008
260 ## - PUBLICATION, DISTRIBUTION, ETC.
Date of publication, distribution, etc. 2008
490 #0 - SERIES STATEMENT
Series statement Estates Gazette
Volume/sequential designation (0827) 12 July 2008, 51-61(11)
520 ## - SUMMARY, ETC.
Summary, etc. Annual table places Savills as the top agent in 2008, ranked by UK turnover, while Churston Heard have the top ranking for UK turnover per fee-earner. Tables include the top 72 agents ranked by UK turnover, the top 66 agents ranked by UK turnover per fee-earner, the top 9 European agents ranked by European turnover and the top 6 global agents ranked by worldwide turnover. Also includes various opinion sections and predictions for the coming year, including areas such as job cuts and bonuses.
590 ## - LOCAL NOTE (RLIN)
Local note KA NTK
651 #4 - SUBJECT ADDED ENTRY--GEOGRAPHIC NAME
Geographic name United Kingdom
Chronological subdivision
690 ## - LOCAL SUBJECT ADDED ENTRY--TOPICAL TERM (OCLC, RLIN)
Topical term or geographic name as entry element PROPERTY-PROPERTY AGENCY
942 ## - ADDED ENTRY ELEMENTS (KOHA)
Suppress in OPAC 0
Holdings
Withdrawn status Lost status Source of classification or shelving scheme Damaged status Not for loan Home library Current library Shelving location Date acquired Total Checkouts Full call number Barcode Date last seen Copy number Price effective from Koha item type
    Dewey Decimal Classification     London London Journal article 15/07/2008   L144389 144389-2001 06/08/2019 1 06/08/2019 Journal article